| 000 | 00657cam a22002531 4500 | ||
|---|---|---|---|
| 001 | sa 64005580 | ||
| 003 | DLC | ||
| 005 | 20260227112033.0 | ||
| 008 | 890608s1963 ii a b 000 0 maro | ||
| 010 | _asa 64005580 | ||
| 035 | _a(OCoLC)19838405 | ||
| 040 |
_aDLC _cWaU _dDLC |
||
| 042 | _apremarc | ||
| 043 | _aa-ii--- | ||
| 050 | 0 | 0 |
_aDS414 _b.B45 |
| 100 | 1 |
_aBhiday, Ramkrishna Gopal, _d1886- |
|
| 245 | 1 | 0 | _aYethē itihāsa ghaḍalā! |
| 260 | _c[1963] | ||
| 300 |
_a2, 110 p. _billus. _c22 cm. |
||
| 500 | _aIn Marathi. | ||
| 504 | _aBibliography: p. 110. | ||
| 651 | 0 |
_aIndia _xDescription and travel. |
|
| 650 | 0 |
_aCities and towns _zIndia. |
|
| 999 |
_c59194 _d59194 |
||